000 00434nam a2200169Ia 4500
001 17084
003 IN-NITTTR
005 20251114233201.0
008 251113s9999||||xx |||||||||||||| ||eng||
040 _beng
040 _cIN-NITTTR
041 _aeng
082 _a519.4 D432N R
100 _aDennis, J. E.
245 0 _aNumerical methods for unconstrained optimization and nonlinear equations /
_cDennis, J. E.
942 _2ddc
_cBK
999 _c19718
_d19718